Gaming Quiz

Random Gaming or Pokémon Quiz

Pokémon Types (Gen 5) Quiz Stats

 Plays Quiz not verified by Sporcle

Challenge
Share
Tweet
Embed
Score 0/156 Timer 10:00
0 Plays Today
Pokémon Type(s) % Correct
SnivyGrass
96.9%
ServineGrass
96.9%
SerperiorGrass
96.9%
TepigFire
96.9%
OshawottWater
95.4%
DewottWater
95.4%
SamurottWater
95.4%
PatratNormal
94.8%
WatchogNormal
94.8%
PigniteFire/Fighting
94.3%
LillipupNormal
94.3%
HerdierNormal
94.3%
StoutlandNormal
94.3%
EmboarFire/Fighting
93.8%
PurrloinDark
93.3%
LiepardDark
93.3%
PansageGrass
93.3%
SimisageGrass
93.3%
PansearFire
93.3%
SimisearFire
93.3%
PanpourWater
93.3%
SimipourWater
93.3%
PidoveNormal/Flying
92.3%
TranquillNormal/Flying
92.3%
UnfezantNormal/Flying
92.3%
BlitzleElectric
92.3%
ZebstrikaElectric
92.3%
RoggenrolaRock
91.8%
BoldoreRock
91.8%
GigalithRock
91.2%
VictiniPsychic/Fire
90.7%
MunnaPsychic
90.7%
MusharnaPsychic
90.7%
DrilburGround
90.2%
AudinoNormal
89.7%
WoobatPsychic/Flying
88.7%
ExcadrillGround/Steel
88.7%
TympoleWater
88.7%
SwoobatPsychic/Flying
88.1%
PalpitoadWater/Ground
88.1%
SeismitoadWater/Ground
88.1%
VenipedeBug/Poison
87.6%
WhirlipedeBug/Poison
87.6%
ThrohFighting
87.1%
SawkFighting
87.1%
ScolipedeBug/Poison
87.1%
SewaddleBug/Grass
86.1%
TimburrFighting
85.6%
GurdurrFighting
85.6%
ConkeldurrFighting
85.6%
SwadloonBug/Grass
85.6%
SandileGround/Dark
85.6%
Pokémon Type(s) % Correct
KrokorokGround/Dark
85.6%
LeavannyBug/Grass
85.1%
KrookodileGround/Dark
85.1%
LilligantGrass
84.5%
PetililGrass
84%
DarumakaFire
82.5%
DarmanitanFire Fire/Psychic
82.5%
MaractusGrass
82.5%
BasculinWater
82%
CofagrigusGhost
82%
YamaskGhost
81.4%
ZoruaDark
80.4%
ZoroarkDark
80.4%
GothitaPsychic
80.4%
GothoritaPsychic
80.4%
GothitellePsychic
80.4%
TirtougaWater/Rock
79.4%
CarracostaWater/Rock
79.4%
DucklettWater/Flying
79.4%
SwannaWater/Flying
79.4%
CottoneeGrass/Fairy
78.9%
WhimsicottGrass/Fairy
78.9%
DwebbleBug/Rock
78.9%
CrustleBug/Rock
78.9%
ScraggyDark/Fighting
78.9%
ScraftyDark/Fighting
78.9%
VanilliteIce
78.9%
VanillishIce
78.9%
VanilluxeIce
78.9%
SolosisPsychic
78.4%
DuosionPsychic
78.4%
ReuniclusPsychic
78.4%
TrubbishPoison
77.8%
GarbodorPoison
77.8%
MinccinoNormal
77.8%
CinccinoNormal
77.8%
EmolgaElectric/Flying
77.3%
SigilyphPsychic/Flying
76.8%
DeerlingNormal/Grass
76.8%
SawsbuckNormal/Grass
76.8%
ArchenRock/Flying
76.3%
ArcheopsRock/Flying
76.3%
KarrablastBug
75.8%
JoltikBug/Electric
75.3%
FoongusGrass/Poison
74.7%
AmoongussGrass/Poison
74.7%
EscavalierBug/Steel
74.2%
GalvantulaBug/Electric
74.2%
AlomomolaWater
73.7%
KlinkSteel
73.7%
KlangSteel
73.7%
KlinklangSteel
73.7%
Pokémon Type(s) % Correct
EelektrikElectric
73.2%
EelektrossElectric
73.2%
JellicentWater/Ghost
72.2%
TynamoElectric
72.2%
FrillishWater/Ghost
71.6%
FerroseedGrass/Steel
71.6%
FerrothornGrass/Steel
71.6%
ElgyemPsychic
71.1%
BeheeyemPsychic
71.1%
LitwickGhost/Fire
71.1%
LampentGhost/Fire
71.1%
AxewDragon
71.1%
ChandelureGhost/Fire
70.6%
FraxureDragon
70.6%
HaxorusDragon
70.6%
CubchooIce
69.1%
BearticIce
68.6%
CryogonalIce
68%
ShelmetBug
66.5%
AccelgorBug
66.5%
MienfooFighting
66%
MienshaoFighting
65.5%
StunfiskGround/Electric
64.9%
DruddigonDragon
64.4%
GolettGround/Ghost
61.3%
BouffalantNormal
61.3%
RuffletNormal/Flying
61.3%
BraviaryNormal/Flying
60.8%
ZweilousDark/Dragon
60.8%
HydreigonDark/Dragon
60.8%
GolurkGround/Ghost
60.3%
HeatmorFire
60.3%
DeinoDark/Dragon
60.3%
LarvestaBug/Fire
60.3%
BisharpDark/Steel
59.8%
MandibuzzDark/Flying
59.8%
DurantBug/Steel
59.8%
VolcaronaBug/Fire
59.8%
PawniardDark/Steel
59.3%
VullabyDark/Flying
59.3%
TornadusFlying
57.7%
CobalionSteel/Fighting
57.2%
VirizionGrass/Fighting
57.2%
ThundurusElectric/Flying
57.2%
ReshiramDragon/Fire
57.2%
ZekromDragon/Electric
57.2%
LandorusGround/Flying
56.7%
TerrakionRock/Fighting
56.2%
KyuremDragon/Ice
55.7%
KeldeoWater/Fighting
54.1%
MeloettaNormal/Psychic Normal/Fighting
52.6%
GenesectBug/Steel
51.5%

You're not logged in!

Compare scores with friends on all Sporcle quizzes.
Join for Free
OR
Log In

You Might Also Like...

Show Comments

Extras

Top Quizzes Today


Score Distribution

Your Account Isn't Verified!

In order to create a playlist on Sporcle, you need to verify the email address you used during registration. Go to your Sporcle Settings to finish the process.

Report this User

Report this user for behavior that violates our Community Guidelines.

Details: